千葉ロッテマリーンズ開幕スタメン(2015〜2025) - Statistics

General Stats
  • This quiz has been taken 135 times
  • The average score is 73 of 110
Answer Stats
打順 選手名 % Correct
1(中) | 1(右) | 1(左) | +2 others 荻野貴司
88%
2015年 1(左) 荻野貴司
88%
3(左) | 4(指) | 5(指) ポランコ
87%
1(ニ) | 2(ニ) | 2(遊) | +3 others 藤岡裕大
85%
2(指) | 6(一) ソト
85%
2(ニ) | 3(ニ) | 6(ニ) | +3 others 中村奨吾
84%
2019年 1(中) | 3(右) | 9(中) | 9(右) 藤原恭大
84%
5(一) | 5(捕) | 8(捕) 佐藤都志也
82%
2(指) | 3(右) | 3(左) | 5(左) 角中勝也
78%
7(捕) | 8(捕) 田村龍弘
78%
小島和哉
78%
4(三) | 5(一) | 6(三) 安田尚憲
76%
4(三) | 4(指) | 6(三) レアード
72%
石川歩
71%
2(遊) | 5(ニ) | 5(三) | 7(遊) 鈴木大地
69%
6(中) 岡大海
67%
9(遊) 小川龍成
64%
3(左) | 4(右) | 5(指) 山口航輝
63%
4(一) | 6(一) | 7(一) 井上晴哉
62%
5(一) 井口資仁
61%
3(右) 清田育宏
61%
2(右) | 3(右) | 5(右) マーティン
61%
9(遊) 友杉篤輝
60%
7(指) 福浦和也
58%
涌井秀章
56%
涌井秀章
56%
1(中) | 9(中) 岡田幸文
53%
2025年 1(右) 西川史礁
53%
4(指) デスパイネ
49%
2022年 1(左) | 7(中) 髙部瑛斗
47%
8(捕) 松川虎生
46%
4(三) 今江敏晃
45%
6(二) クルーズ
43%
4(指) パラデス
42%
二木康太
42%
6(三) ダフィー
35%
2(右) | 9(左) 加藤翔平
35%
8(三) 上田希由翔
35%
2020年 1(中) 福田秀平
29%
7(指) 根元俊一
28%
9(三) 平沢大河
27%
2(一) | 6(右) 菅野剛士
26%
7(遊) 鳥谷敬
22%
7(指) バルガス
18%
8(捕) 吉田裕太
17%
2(三) 高濱卓也
16%
No matching quizzes found
Score Distribution
Percent of People with Each Score
Percentile by Number Answered
Your Score History
You have not taken this quiz